000 00546nam a2200217Ia 4500
003 OSt
005 20220928151635.0
006 a|||||r|||| 00| 0
007 ta
008 220927b |||||||| |||| 00| 0 eng d
024 _a130245
037 _cTextual
040 _aSDCL
_cSDCL
_beng
041 _2eng
_aeng
082 _aD65264, K6
100 _aHamilton Donald R
_9517919
245 0 _aKlystrons and microwave triodes.
260 _c1966
942 _hD65264, K6
_cTEXL
_2CC
999 _c852447
_d852447